00621nam a2200193Ia 4500008004100000020001400041082001400055100001500069245003700084250000700121260003100128300002700159500001900186600002100205650005000226942000700276952012900283999001500412240925s9999 xx 000 0 und d a596005512 a005.3 WOO aWoods, Dan 0aEnterprise Services Architecture aNA aBeijing:bO Reillyc,2003. axv,430p.bNAfOriginal aIncludes Index aComputer Science aComputer science, information & general works cBK 001040708CSaUITUbUITUd2004-12-27eKhaliq book Binderg218.65l0o005.3 WOOpQ5966r2024-09-25 07:14:02w2024-09-25yBK c8465d8465